Normal view MARC view

Entry Personal Name

Number of records used in: 1

001 - CONTROL NUMBER

  • control field: 247090

003 - CONTROL NUMBER IDENTIFIER

  • control field: OSt

005 - DATE AND TIME OF LATEST TRANSACTION

  • control field: 20251128110129.0

008 - FIXED-LENGTH DATA ELEMENTS

  • fixed length control field: 251128|| aca||aabn | a|a d

040 ## - CATALOGING SOURCE

  • Original cataloging agency: OSt
  • Transcribing agency: OSt

100 ## - HEADING--PERSONAL NAME

  • Personal name: MAHADEVAPPA (C)
  • Dates associated with a name: ಮಹಾದೇವಪ್ಪ (ಸಿ)

670 ## - SOURCE DATA FOUND

  • Source citation: Work cat.: (OSt)214921: MAHADEVAPPA (C) ಮಹಾದೇವಪ್ಪ (ಸಿ), Gubbi shantesha virachita tontada siddheshvara purana, 2005